000 00463nam a22001937a 4500
003 MPLRDC
005 20220104184026.0
008 210129b ||||| |||| 00| 0 eng d
020 _a986-7282-85-9
082 _a868.71 GWH
100 _a龚万辉
245 _a清晨校车
_c
250 _a初版
260 _a台湾
_b宝瓶文化事业有限公司
_c2007
300 _b
490 _aISLAND. 79
650 _a马华文学
942 _cBK
_o868.71 GWH
999 _c62670
_d62660